OPAC Home

Exercises ir Oral Arithmtic for the first second year Classes or the third fourth Standards (Record no. 89369)

MARC details
000 -LEADER
fixed length control field 00474nam a2200169Ia 4500
003 - CONTROL NUMBER IDENTIFIER
control field LK-CoDNM
008 - FIXED-LENGTH DATA ELEMENTS--GENERAL INFORMATION
fixed length control field 010623t1918 xxu||||| |||| 00| 1 eng d
040 ## - CATALOGING SOURCE
Original cataloging agency LK-CoDNM
Modifying agency LK-CoDNM
Description conventions LK-CoDNM
041 ## - LANGUAGE CODE
Language code of text/sound track or separate title English
080 ## - UNIVERSAL DECIMAL CLASSIFICATION NUMBER
Universal Decimal Classification number 50
Item number D6
942 ## - ADDED ENTRY ELEMENTS (KOHA)
Koha item type Books
100 ## - MAIN ENTRY--PERSONAL NAME
Personal name Appacutty,C.
245 ## - TITLE STATEMENT
Title Exercises ir Oral Arithmtic for the first second year Classes or the third fourth Standards
260 ## - PUBLICATION, DISTRIBUTION, ETC. (IMPRINT)
Name of publisher, distributor, etc. Navalar Press
Place of publication, distribution, etc. Jaffna
Date of publication, distribution, etc. 1918
300 ## - PHYSICAL DESCRIPTION
Other physical details 45p., 17 cm
650 ## - SUBJECT ADDED ENTRY--TOPICAL TERM
Topical term or geographic name as entry element Text books
Holdings
Withdrawn status Lost status Damaged status Not for loan Collection code Permanent Location Current Location Date acquired Full call number Barcode Koha item type
        Old Books Collection Library National Museum Colombo - Sri Lanka Library National Museum Colombo - Sri Lanka 2023-08-02 50 D 6 OB562 7 Books
Copyright © 2023 Department of National Museum, Colombo 07, Sri Lanka Funded by UNESCO IFAP UNESCO